Introduction to econometrics

Guardat en:
Dades bibliogràfiques
Autor principal: MADDALA, G. S. Lahiri, Kajal
Format: Llibre
Idioma:anglès
Publicat: John Wiley & Sons 2009
Etiquetes: Afegir etiqueta
Sense etiquetes, Sigues el primer a etiquetar aquest registre!

MARC

LEADER 00000nam a22000007a 4500
008 201221b ||||| |||| 00| 0 eng d
020 |a 978-81-265-3415-9 
100 |a MADDALA, G. S.  |a  Lahiri, Kajal 
245 |a Introduction to econometrics  |c G. S. Maddala, Kajal Lahiri  |g xv, 634p. 
250 |b 4th ed. 
260 |b  John Wiley & Sons  |c 2009  |h New Delhi  |i 690901  |l HB139 .M26  |m Econometrics. 
500 |a It includes references and index 
942 |a lcc  |c BK  |e Kuteyi, M. A.  |f 21/12/2020 
952 |0 0  |1 0  |2 lcc  |4 0  |6 HB0139 M26  |7 0  |9 989  |a HOL  |b HOL  |c GJ  |d 2020-12-21  |l 0  |o HB139 .M26  |p 2020-230213  |r 2020-12-21 00:00:00  |w 2020-12-21  |y BK 
999 |c 509  |d 509